| 000 | 00460nam a2200181Ia 4500 | ||
|---|---|---|---|
| 001 | 14889 | ||
| 005 | 20260306164947.0 | ||
| 008 | 260306t1998||||xx |||||||||||||| ||spa|| | ||
| 041 | _aESP | ||
| 082 |
_a519.5 _bK29 |
||
| 100 |
_aKazmier, Leonard J. _eAUT |
||
| 245 | 0 | _aEstadística aplicada a la administración y a la economía | |
| 260 | _c1998 | ||
| 300 |
_axv, 416 páginas : _c23 cm. |
||
| 650 | _aGEN | ||
| 654 | _aCMA | ||
| 942 |
_cLIB _dJUS _fJUS _2ddc _n |
||
| 999 |
_c14889 _d14889 |
||